Programas ministeriales. Año 1980
Kaydedildi:
| Müşterek Yazar: | |
|---|---|
| Materyal Türü: | Kitap |
| Dil: | İspanyolca |
| Baskı/Yayın Bilgisi: |
Santiago
Presidencia de la República
1980
|
| Konular: | |
| Etiketler: |
Etiketle
Etiket eklenmemiş, İlk siz ekleyin!
|
MARC
| LEADER | 00000nam a2200000 a 4500 | ||
|---|---|---|---|
| 001 | UCS0728 | ||
| 003 | CL-VaPUC | ||
| 008 | 970426e19800000CL |||||||||||||||||spa|d | ||
| 082 | 0 | 4 | |a 342.064 |b PRE |2 21 |
| 110 | 2 | |a Presidencia de la República |e author |9 384557 | |
| 245 | 1 | 0 | |a Programas ministeriales. Año 1980 |
| 300 | |a 146 p | ||
| 942 | |c BK | ||
| 945 | |d 19970426 00:00:00 |a lriquelm | ||
| 260 | |a Santiago |b Presidencia de la República |c 1980 | ||
| 650 | 7 | |a ORGANIZACION ADMINISTRATIVA |2 CL-VaPUC |9 257438 | |
| 650 | 0 | |a Administración pública |9 255343 | |
| 651 | 7 | |a CHILE |2 CL-VaPUC |9 384558 | |
| 583 | |a last modification |c 19970426 00:00:00 |k Rodrigo Vera | ||
| 999 | |c 258945 |d 258943 | ||
| 952 | |0 0 |1 0 |4 0 |6 342_064000000000000_PRE_1980 |7 0 |8 P |9 283373 |a BIBDER |b BIBDER |d 2019-11-19 |i 1835483 |o 342.064 PRE 1980 |p 1835483 |r 2023-01-25 |w 2019-11-19 |y BK |k DER | ||